000 00286nam a2200121 i 4500
001 bg
245 0 _aWybrane zagadnienia metodyki nauczania języka obcego.
260 _aSzczecin,
_c1974.
040 _cBPK
041 _apol
942 _cKS
008 s pl f |000 0 pol
999 _c15774
_d15774
856 _uhttp://koha.tu.koszalin.pl/cgi-bin/koha/opac-detail.pl?biblionumber=15774
_yKatalog online BPK